| 000 | 00419nam a2200169Ia 4500 | ||
|---|---|---|---|
| 008 | 230524s9999 xx 000 0 und d | ||
| 020 | _a9788131805664 | ||
| 082 | _bJAI | ||
| 100 |
_aK.C.Jain _942680 |
||
| 245 | 0 | _aDesign For R.C.C. Slabs: A Ready Reckoner | |
| 250 | _a2 | ||
| 260 |
_aNew Delhi _bUniversities Press _c2011 |
||
| 300 | _aC-142p; | ||
| 500 | _aQuantity Number: 1 | ||
| 650 | _aCivil | ||
| 942 | _cBK | ||
| 999 |
_c57671 _d57671 |
||